Vencedores da Bola de Ouro - Statistics

Estatísticas Gerais
  • Esse quiz foi jogado 278 vezes
  • A pontuação média é 36 de 67
Estatísticas das Respostas
Clube Ano Resposta % Correto
Paris Saint-Germain 2023 Lionel Messi
100%
Barcelona 2021 Lionel Messi
100%
Barcelona 2019 Lionel Messi
100%
Barcelona 2015 Lionel Messi
100%
Barcelona 2012 Lionel Messi
100%
Barcelona 2011 Lionel Messi
100%
Barcelona 2010 Lionel Messi
100%
Barcelona 2009 Lionel Messi
100%
Real Madrid 2017 Cristiano Ronaldo
99%
Real Madrid 2016 Cristiano Ronaldo
99%
Real Madrid 2014 Cristiano Ronaldo
99%
Real Madrid 2013 Cristiano Ronaldo
99%
Manchester United 2008 Cristiano Ronaldo
99%
Real Madrid 2002 Ronaldo
97%
Inter de MIlão 1997 Ronaldo
97%
Milan 2007 Kaká
95%
Real Madrid 2018 Luka Modrić
94%
Barcelona 2005 Ronaldinho
93%
Real Madrid 2022 Karim Benzema
92%
Juventus 1998 Zinédine Zidane
75%
Barcelona 1999 Rivaldo
74%
Real Madrid 2006 Fabio Cannavaro
73%
Real Madrid 2000 Luís Figo
66%
Real Madrid 1959 Alfredo Di Stéfano
62%
Real Madrid 1957 Alfredo Di Stéfano
62%
Juventus 2003 Pavel Nedvěd
58%
Milan 2004 Andriy Shevchenko
57%
Benfica 1965 Eusébio
57%
Liverpool 2001 Michael Owen
55%
Milan 1992 Marco van Basten
54%
Milan 1989 Marco van Basten
54%
Milan 1988 Marco van Basten
54%
Dínamo de Moscou 1963 Lev Yashin
52%
Bayern de Munique 1970 Gerd Müller
50%
Bayern de Munique 1976 Franz Beckenbauer
48%
Bayern de Munique 1972 Franz Beckenbauer
48%
Manchester United 1966 Bobby Charlton
47%
Milan 1995 George Weah
46%
Juventus 1985 Michel Platini
44%
Juventus 1984 Michel Platini
44%
Juventus 1983 Michel Platini
44%
Juventus 1993 Roberto Baggio
42%
Milan 1987 Ruud Gullit
42%
Manchester United 1968 George Best
32%
Barcelona 1994 Hristo Stoichkov
31%
Barcelona 1974 Johan Cruijff
31%
Barcelona 1973 Johan Cruijff
31%
Ajax 1971 Johan Cruijff
31%
Barcelona 1960 Luis Suárez
27%
Borussia Dortmund 1996 Matthias Sammer
26%
Olympique de Marseille 1991 Jean-Pierre Papin
25%
Inter de Milão 1990 Lothar Matthäus
24%
Juventus 1982 Paolo Rossi
21%
Bayern de Munique 1981 Karl-Heinz Rummenigge
19%
Bayern de Munique 1980 Karl-Heinz Rummenigge
19%
Real Madrid 1958 Raymond Kopa
17%
Blackpool 1956 Stanley Matthews
15%
Manchester United 1964 Denis Law
13%
Hamburgo 1979 Kevin Keegan
12%
Hamburgo 1978 Kevin Keegan
12%
Mian 1969 Gianni Rivera
10%
Dínamo de Kiev 1975 Oleg Blokhin
9%
Juventus 1961 Omar Sivori
9%
Ferencváros 1967 Flórián Albert
8%
Dínamo de Kiev 1986 Igor Belanov
8%
Borussia Mönchengladbach 1977 Allan Simonsen
7%
Dukla Praga 1962 Josef Masopust
7%
Nenhum quiz correspondente encontrado
Distribuição das Pontuações
Porcentagem de Pessoas com Cada Pontuação
Percentil de Números Respondidos
Sua Pontuação Histórica
Você não jogou esse quiz